| 000 | 00726 a2200181 4500 | ||
|---|---|---|---|
| 003 | Nust | ||
| 005 | 20170207154438.0 | ||
| 040 | _cNust | ||
| 082 | _a050 | ||
| 100 | _aMaj Gen Athar Abbas,HI(M) | ||
| 245 |
_aHilal November-2011 _cMaj Gen Athar Abbas,HI(M) |
||
| 250 | _a5, Volume 48 | ||
| 260 |
_aRawalpindi,Pakistan _bISPR Dte _cNovember-2011 |
||
| 300 | _aEnglish-41 & Urdu-51p; | ||
| 505 | _aFood for Thought (Page-5) Pak-China Friendship Year (Page-4) Pak-Us Relation (Page-9) Scourge of Terrorism (Page-13) Economic Profile (Page-15) Pages from Military History (Page-24) Health Watch (Page-26) Miscellanea (Page-23) News & Update (Page-32) | ||
| 538 | _aAlmirah No.137 Shelf No.5 | ||
| 651 | _aPakistan Armed Forces Magazine | ||
| 942 | _cMAGS | ||
| 999 |
_c197733 _d197733 |
||